000 00281nam a2200085Ia 4500
005 20250424112848.0
008 250424s9999 xx 000 0 und d
650 _aNigeria--History--Periodicals. Nigeria--Politics and government--Periodicals. Africa--History--Periodicals.
942 _cSR
999 _c37564
_d37564